| 000 | 00834 a2200217 4500 | ||
|---|---|---|---|
| 001 | 45893 | ||
| 005 | 20260407155731.0 | ||
| 008 | 260407a1978 arg spa d | ||
| 003 | AR-UNSa-BCEJYS | ||
| 040 |
_aAR-UNSa-BCEJYS _bspa _cAR-UNSa-BCEJYS |
||
| 080 |
_a1(09) _xHistoria de la Filosofía |
||
| 245 | 1 | 0 | _aHistoria de la Filosofía |
| 020 | _a84-292-8708-6 | ||
| 250 | _a30a. ed. | ||
| 264 | 1 |
_aMadrid : _bRevista de Occidente _c1978 |
|
| 300 |
_a514 p. _c21 cm. |
||
| 505 | _a1. Filosofía Griega – 2. El Cristianismo – 3. Filosofía Medieval – 4. Filosofía Moderna – 5. El Idealismo del Siglo XVII – 6. El Empirismo – 7. El Idealismo Alemán – 8. Filosofía en el Siglo XIX – 9. La filosofía de nuestro tiempo – | ||
| 942 | _cBK | ||
| 590 | _aniveau_biblio:m niveau_hierar:0 | ||
| 100 | 1 | _aMarias, Julian | |
| 999 |
_c4057 _d4057 |
||